[Event "Bengaluru Karnataka op"]
[Site "Bengaluru"]
[Date "2018.04.15"]
[Round "3"]
[White "Ojas, Kulkarni"]
[Black "Hrishikesh, Rupesh Raghuvaran"]
[Result "1-0"]
[WhiteElo "2252"]
[BlackElo "1351"]
[PlyCount "133"]
[EventDate "2018.04.14"]
[EventType "swiss"]
[EventRounds "10"]
[EventCountry "IND"]
[SourceTitle "CBM 184 Extra"]
[Source "ChessBase"]
[SourceDate "2018.06.28"]
[SourceVersion "1"]
[SourceVersionDate "2018.06.28"]
[SourceQuality "1"]

1. c4 Nf6 2. g3 g6 3. b3 Bg7 4. Bb2 0-0 5. Bg2 d6 6. d4 c5 7. Nf3 Nc6 8. d5 Nb8 9. 0-0 a6 10. a4 Bf5 11. Nh4 Bxb1 12. Qxb1 Nbd7 13. Nf3 b5 14. Nd2 Qb6 15. Qc2 bxc4 16. Nxc4 Qc7 17. Bc3 Nb6 18. Ba5 Nfd7 19. Rab1 Qa7 20. Na3 Rfc8 21. Rfd1 Ne5 22. Bh3 f5 23. Nc4 Nbxc4 24. bxc4 Rcb8 25. f4 Nd7 26. e4 Rxb1 27. Rxb1 Bd4+ 28. Kg2 fxe4 29. Qxe4 Nf6 30. Qc2 Rb8 31. Be6+ Kf8 32. Rb3 Rb7 33. Qb1 Rxb3 34. Qxb3 h5 35. h3 Ne8 36. Qb6 Qa8 37. Bd7 Nf6 38. Be6 Qe8 39. Qc6 Qb8 40. Qc8+ Qxc8 41. Bxc8 Ne4 42. Bxa6 Nc3 43. Bb5 e6 44. Bxc3 Bxc3 45. dxe6 Ke7 46. Kf3 Kxe6 47. Ke4 Bb4 48. Be8 d5+ 49. cxd5+ Kf6 50. Bb5 Bc3 51. d6 Be1 52. g4 hxg4 53. hxg4 Bd2 54. Bc4 Bc3 55. g5+ Kg7 56. d7 Ba5 57. Ke5 Bc7+ 58. Ke6 Kf8 59. Bd3 Bd8 60. Bxg6 c4 61. Be4 c3 62. Bc2 Kg7 63. a5 Bxa5 64. Ke7 Bb4+ 65. Ke8 Ba5 66. f5 Bd8 67. f6+ 1-0